Statistieken voor Quiz over België

Klik hier om de quiz te nemen!

Algemene statistieken

  • Deze quiz is 81 keer genomen
  • De gemiddelde score is 20 van 22

Antwoordstatistieken

TipAntwoord% Correct
HoofdstadBrussel
100%
BuurlandFrankrijk
99%
Saus voor op frietenMayonnaise
99%
BuurlandNederland
99%
BuurlandDuitsland
99%
BuurlandLuxemburg
99%
Meest gesproken taalNederlands
99%
Meest gesproken taalFrans
99%
Aangrenzende ZeeNoordzee
97%
Huidige koningFilip
97%
1920 Olympische Spelen gaststadAntwerpen
96%
Voormalige Afrikaanse kolonieD. R. Congo
96%
Kleine blauwe stripfiguurtjesDe Smurfen
94%
Napoleon is hier verslagenWaterloo
93%
RegioWallonie
93%
Wat trappistenmonniken makenBier
93%
RegioVlaanderen
93%
Beroemde stad voor kanalenBrugge
92%
Gemaakte snacks in vierkante ijzersWafels
82%
Acteur gekend als JCVDJean-Claude
Van Damme
79%
Schilder die zegt dat een pijp er geen isRené Magritte
65%
Fictieve detectieveHercule Poirot
44%

Scoreverdeling

Percentiel versus Aantal Correcte Antwoorden

Procent van Mensen met Elke Score

Uw Scoregeschiedenis

U heeft deze quiz nog niet genomen